Lecciones preliminares de filosofía

में बचाया:
ग्रंथसूची विवरण
मुख्य लेखक: García Morente, Manuel
स्वरूप: पुस्तक
भाषा:स्पेनिश
प्रकाशित: Losada. 1957.
विषय:
टैग: टैग जोड़ें
कोई टैग नहीं, इस रिकॉर्ड को टैग करने वाले पहले व्यक्ति बनें!

MARC

LEADER 00000nam a22000005a 4500
001 603
003 CL-ChBUA
005 20120815102709.0
008 070301s1957 ag 000 0 spa
040 |a CL-ChBUA  |c CL-ChBUA 
082 0 0 |a 100 
090 |c 603  |d 603 
100 1 |a García Morente, Manuel. 
245 1 0 |a Lecciones preliminares de filosofía 
260 |b Losada.  |c 1957. 
300 |a 409 p.  |c 20 cm. 
504 |a Indice. 
650 4 |a FILOSOFIA. 
650 4 |a ESCUELAS FILOSOFICAS. 
650 4 |a HISTORIA DE LA FILOSOFIA. 
942 |c LIB 
952 |0 0  |1 0  |4 0  |7 0  |9 731  |a UNACH  |b UNACH  |c 100  |d 2007-03-05  |i 3.157.  |l 0  |o 100 / G 216 1957.  |p 1730  |r 2013-06-26 00:00:00  |u 731  |w 2012-08-08  |y LIB  |k 100 / G 216 1957. 
999 |c 603  |d 603